[Event "SPICE Cup Open 2018"]
[Site "St. Louis"]
[Date "2018.10.24"]
[Round "2"]
[White "Gledura, Benjamin"]
[Black "Santarius, Erik"]
[Result "1-0"]
[WhiteElo "2621"]
[BlackElo "2404"]
[Annotator "TA"]
[PlyCount "71"]
[EventDate "2018.10.22"]
[EventType "swiss"]
[EventCountry "USA"]
[SourceTitle "playchess.com"]
[Source "ChessBase"]
[SourceQuality "1"]

{[%evp 11,71,8,3,-17,-5,-46,-41,-32,-29,-39,-29,-59,-10,-24,0,-8,0,-4,79,79,75,66,87,83,81,64,132,131,137,161,157,122,186,174,195,183,243,249,240,226,237,220,225,215,240,239,200,200,195,188,250,266,347,302,569,569,939,888,29985,29986,29990,29991]} 1. e4 c6 2. d4 d5 3. e5 c5 4. dxc5 e6 5. a3 (5. Nf3 Bxc5 6. Bd3 Ne7 7. O-O Ng6 8. a3 O-O 9. Nbd2 Nc6 10. b4 Bb6 11. Bb2 Nf4 12. Nb3 a5 13. Qd2 Nxd3 14. cxd3 {½-½ (38) Vitiugov,N (2735)-Anand,V (2776) Karlsruhe/Baden-Baden 2018}) 5... Bxc5 6. Nf3 {B12: Caro-Kann: Advance Variation} Ne7 {LiveBook: 25 Games} 7. Be2 Ng6 $146 ({Predecessor:} 7... a5 8. O-O Nbc6 9. Bd3 Ng6 10. Qe2 Bd7 11. Re1 O-O 12. Be3 Bb6 13. Nbd2 {0-1 (35) Velikic,A (2339)-Toubal,H (1862) Batumi 2018}) 8. O-O {The position is equal.} Nd7 9. b4 Be7 10. Bb2 a5 11. b5 Nf4 12. c4 Nb6 13. Nbd2 Bd7 14. cxd5 Nxe2+ (14... exd5 $11 15. Bd4 O-O) 15. Qxe2 $16 {aiming for d6.} Nxd5 16. a4 O-O 17. Nc4 Bb4 18. Nfd2 {[%cal Bf3d2,Bd2e4,Be4d6][%mdl 32]} Qg5 ({Better is} 18... f6 $14) 19. Ne4 Qg6 20. Ned6 b6 21. Rad1 {[%cal Ba1d1,Bd1d4,Bd4g4][%mdl 32]} Qg5 (21... Nf4 $16 {keeps fighting.} 22. Qf3 Nd5) 22. Rd4 $18 Qe7 {[#]} 23. Rg4 $1 f5 (23... Kh8 {was called for.} 24. Rd1 Rab8) 24. exf6 $1 Nxf6 25. Bxf6 Rxf6 26. Ne4 Rf5 27. Nxb6 Raf8 28. Nxd7 Qxd7 29. h4 h6 30. Rc1 {[%cal Bf1c1,Bc1c6,Bc6e6,Be6e8][%mdl 32]} R8f7 (30... Kh8 {might work better.} 31. Qb2 Rd5) 31. Rc6 Qd4 32. Rxe6 Qa1+ $2 (32... Kh8 33. Kh2 Qd5) 33. Kh2 Qxa4 34. Re8+ Kh7 35. Ng5+ hxg5 {[#]} 36. Rxb4 $1 {[%mdl 512] Precision: White = 78%, Black = 31%.} 1-0

[Event "SPICE Cup Open 2018"]
[Site "St. Louis"]
[Date "2018.10.24"]
[Round "2"]
[White "Liang, Awonder"]
[Black "Cori, Jorge"]
[Result "1-0"]
[WhiteElo "2572"]
[BlackElo "2664"]
[Annotator "TA"]
[PlyCount "85"]
[EventDate "2018.10.22"]
[EventType "swiss"]
[EventCountry "USA"]
[SourceTitle "playchess.com"]
[Source "ChessBase"]
[SourceQuality "1"]

{[%evp 20,85,44,31,45,23,40,0,0,0,2,6,118,127,156,151,162,143,309,162,334,183,231,199,757,755,753,727,688,320,324,304,270,315,310,309,270,265,550,89,107,92,559,557,526,99,133,64,49,38,29,38,32,27,56,34,203,189,244,236,232,211,420,411,486,485,477,483]} 1. e4 c5 2. Nf3 e6 3. d4 cxd4 4. Nxd4 Nc6 5. Nc3 Qc7 6. Be3 a6 7. Qf3 {B48: Sicilian: Taimanov: 5 Nc3 Qc7 6 Be3 a6 without Be2} Nf6 8. O-O-O d6 (8... Ne5 9. Qg3 b5 10. a3 Bb7 11. Bxb5 Rc8 12. Ba4 Nxe4 13. Nxe4 Bxe4 14. Bf4 Qc4 15. Bxe5 Qxa4 {1-0 (38) Vachier Lagrave,M (2789)-Anand,V (2776) Karlsruhe/Baden-Baden 2018}) 9. Be2 Be7 10. Qg3 O-O 11. f4 {LiveBook: 22 Games} Kh8 12. Kb1 Bd7 13. Nf3 $146 ({Predecessor:} 13. Bf3 Rac8 14. Rhe1 Na5 {0-1 (70) Blomqvist,E (2506)-Fier,A (2570) Barcelona 2014}) 13... Rac8 14. Rd2 d5 15. e5 Ne8 (15... Ne4 $11 {remains equal.} 16. Nxe4 dxe4) 16. Qh3 $1 $16 f5 17. g4 fxg4 18. Qxg4 {Strongly threatening Rg1.} Bb4 $2 (18... g6 $16 {was called for.}) 19. Ng5 (19. Bd3 $142) 19... Ne7 $2 (19... Bxc3 20. bxc3 Ne7) 20. Qh5 (20. Nxe6 Bxe6 21. Qxe6 Bxc3 $14) (20. Bd3 $142) 20... h6 $18 21. Nf7+ Kg8 $2 {[#]} (21... Rxf7 22. Qxf7 Nf5) 22. Nxh6+ $1 {[%mdl 512]} gxh6 23. Rg1+ Ng7 24. Rxg7+ (24. Bd3 $142 Nef5 25. Bxf5 Rxf5 26. Qxh6) 24... Kxg7 25. Bd3 {Rg2+ would kill now.} Rh8 26. Qh4 $1 {[%cal Rh4f6]} Ng8 {White must now prevent ...Kf8.} 27. Rg2+ Kf8 28. Qg4 {Qg7+ is the strong threat.} Be8 $2 (28... Bc6) 29. a3 $2 (29. f5 $1 $18) 29... h5 $16 30. Qg5 {Threatens to win with Nxd5.} Bxa3 $2 {[%mdl 8192] [#]} ({Don't blunder} 30... d4 $2 31. Bxd4 Qe7 32. axb4 $18) (30... Qe7 $16 {is a better chance.} 31. axb4 Qxg5 32. Rxg5 Ne7) 31. Nxd5 $1 $18 exd5 32. Qf5+ $2 (32. Bd4 $18 {is more deadly.} Bb5 33. Bxb5 axb5 34. e6 (34. bxa3 Qh7 $16)) 32... Bf7 $16 33. e6 $40 {[%mdl 128] Black needs to defend precisely.} (33. bxa3 $16 Re8 34. Qg5) 33... Re8 $1 $14 {[%cal Re8e6]} 34. exf7 Qxf7 35. Qxf7+ Kxf7 36. Bg6+ Kf8 37. Bxe8 Be7 $2 {[#]} (37... Kxe8 $14 38. Bd4 (38. bxa3 Nf6 $14) 38... Rh7) 38. Bd7 $1 $18 Rh6 (38... Bf6 $142 39. Bc5+ Be7) 39. f5 Rh7 40. Be6 {[%csl Ge6][%cal Rg2g8]} Nf6 $2 (40... Rg7 41. Re2 Bf6) 41. Rg6 Ke8 42. Bd4 Nd7 43. Bg8 {Precision: White = 49%, Black = 20%.} 1-0

[Event "SPICE Cup Open 2018"]
[Site "St. Louis"]
[Date "2018.10.24"]
[Round "2"]
[White "Tang, Andrew"]
[Black "Lenderman, Aleksandr"]
[Result "1/2-1/2"]
[WhiteElo "2469"]
[BlackElo "2626"]
[Annotator "TA"]
[PlyCount "63"]
[EventDate "2018.10.22"]
[EventType "swiss"]
[EventCountry "USA"]
[SourceTitle "playchess.com"]
[Source "ChessBase"]
[SourceQuality "1"]

{[%evp 25,63,24,31,27,42,21,29,20,24,22,42,39,44,45,44,50,58,25,21,20,22,16,37,17,42,37,37,32,53,50,45,43,58,39,40,0,61,0,31,0]} 1. d4 Nf6 2. c4 e6 3. Nc3 d5 4. cxd5 Nxd5 5. e4 Nxc3 6. bxc3 c5 7. Nf3 cxd4 8. cxd4 Bb4+ 9. Bd2 Bxd2+ 10. Qxd2 O-O 11. Rc1 b6 {D41: Queen's Gambit Declined: Semi-Tarrasch with 5 cxd5} 12. Bd3 Ba6 13. Bxa6 Nxa6 {LiveBook: 3 Games. White has an edge.} 14. O-O Qe7 {[#]} 15. Ne5 $146 {[%cal Bf3e5,Be5c4,Bc4d6][%mdl 32]} ({Predecessor:} 15. Qe2 Qb7 16. Ne5 Rac8 17. h4 Nb8 18. Nc4 Qa6 19. Rc2 {½-½ (61) So,W (2788)-Dominguez Perez,L (2739) Saint Louis 2017}) 15... Rac8 16. Qd3 Qb7 17. Qa3 Nb8 18. Nc4 Qa6 19. Qxa6 Nxa6 20. Nd6 Rcd8 21. e5 Rd7 22. Rc4 Nc7 23. Rfc1 Nd5 24. g3 f5 25. a3 g5 26. Rc6 g4 27. Kf1 Kg7 28. Ke2 Kg6 29. Nc8 Kf7 30. Nd6+ Kg6 31. Nc8 Kf7 32. Nd6+ {Precision: White = 42%, Black = 55%.} 1/2-1/2

[Event "SPICE Cup Open 2018"]
[Site "St. Louis"]
[Date "2018.10.24"]
[Round "2"]
[White "Wang, Kevin"]
[Black "Prohaszka, Peter"]
[Result "1/2-1/2"]
[WhiteElo "2447"]
[BlackElo "2626"]
[Annotator "TA"]
[PlyCount "103"]
[EventDate "2018.10.22"]
[EventType "swiss"]
[EventCountry "USA"]
[SourceTitle "playchess.com"]
[Source "ChessBase"]
[SourceQuality "1"]

{[%evp 13,103,41,61,12,15,0,0,0,26,19,18,17,18,16,29,-3,7,0,0,0,21,4,29,24,24,24,29,33,26,22,27,26,25,27,28,25,24,22,22,4,4,0,22,20,31,16,32,0,9,-23,-16,-24,-18,-20,-24,-19,-21,-22,-20,-38,-22,-37,0,0,0,0,0,0,0,0,0,0,0,0,0,0,0,0,0,0,29977,29978,29967,0,0,0,0,0,0,0,0,0]} 1. d4 d5 2. c4 dxc4 3. e4 Nc6 4. Nf3 Bg4 5. d5 Ne5 6. Bf4 Ng6 {D20: Queen's Gambit Accepted: 3 e3 and 3 e4} 7. Be3 Nf6 {LiveBook: 94 Games} 8. Nbd2 e6 9. Qa4+ Qd7 10. Qxd7+ Nxd7 $146 ({Predecessor:} 10... Kxd7 11. Bxc4 exd5 12. exd5 Bxf3 13. Nxf3 Bb4+ 14. Ke2 {½-½ (54) Fressinet,L (2700)-Delchev,A (2629) Porto Carras 2011}) 11. dxe6 Bxe6 12. Nd4 {Threatens to win with f4.} Bc5 13. Nxc4 O-O-O 14. O-O-O Rhe8 15. Nxe6 Rxe6 16. f3 Nge5 17. Bf4 Nxc4 18. Bxc4 Rc6 {Strongly threatening ...Be7.} 19. Kb1 Bd6 20. Bxd6 {Be7 is the strong threat.} Rxc4 21. Rc1 Nb6 22. Bf4 c6 23. Rxc4 Nxc4 $11 {[%mdl 4096] Endgame KRB-KRN} 24. b3 Na3+ 25. Kb2 Nb5 26. a4 Nc7 27. Rc1 Rd3 28. Kc2 Rd7 29. Be3 b6 30. g4 c5 31. f4 Na6 {And now ...Nb4+ would win.} 32. Bd2 Rd4 33. Re1 $1 Nb4+ 34. Bxb4 $1 Rxb4 {KR-KR} 35. Kc3 Kd7 36. g5 Ke6 37. h4 f6 38. gxf6 gxf6 39. h5 h6 40. Re3 a6 41. Re1 f5 42. exf5+ Kxf5 43. Rg1 Re4 44. Rg6 Re6 45. Rxe6 Kxe6 {KP-KP} 46. Kc4 Kf5 $2 {[%mdl 8192] [#]} (46... Kd6 $11) 47. Kd5 $1 {[%cal Rd5c6]} Kg4 {[#]} 48. Ke5 $2 (48. f5 $1 {[%mdl 512] mates} Kxf5 49. Kc6 Ke6 50. Kxb6 Kd5 51. Kxa6 Kc6 52. a5 Kc7 53. Kb5) 48... b5 $1 {The position is equal.} 49. axb5 axb5 50. f5 {[%cal Bf4f5,Bf5f6][%mdl 32] Black must now prevent f6.} c4 $1 {[%cal Rc4b3]} 51. bxc4 bxc4 52. f6 {Precision: White = 67%, Black = 58%.} 1/2-1/2

[Event "SPICE Cup Open 2018"]
[Site "St. Louis"]
[Date "2018.10.24"]
[Round "3"]
[White "Bok, Benjamin"]
[Black "Liang, Awonder"]
[Result "1/2-1/2"]
[WhiteElo "2639"]
[BlackElo "2572"]
[Annotator "TA"]
[PlyCount "41"]
[EventDate "2018.10.22"]
[EventType "swiss"]
[EventCountry "USA"]
[SourceTitle "playchess.com"]
[Source "ChessBase"]
[SourceQuality "1"]

{[%evp 17,41,15,22,7,32,25,26,19,27,18,22,18,21,25,39,31,41,36,60,66,64,72,75,75,71,43]} 1. Nf3 Nf6 2. g3 e6 3. Bg2 Be7 4. O-O O-O 5. c4 d5 6. b3 b6 7. Nc3 Bb7 8. d4 Nbd7 9. Bb2 Rc8 10. Rc1 {E17: Queen's Indian: 4 g3 Bb7 5 Bg2 Be7} (10. cxd5 Nxd5 11. Nxd5 Bxd5 12. Qd3 c5 13. e4 Bb7 14. Rad1 cxd4 15. Nxd4 Nf6 16. Qe2 Qe8 17. a3 a5 {½-½ (32) Kramnik,V (2809)-Aronian,L (2785) London 2016}) 10... c5 11. Ne1 $146 ({Predecessor:} 11. cxd5 Nxd5 12. Nxd5 Bxd5 13. Qd2 Bf6 14. Rfd1 Qe7 15. Ba3 Rfd8 16. Qf4 e5 17. dxe5 Nxe5 18. Nxe5 Bxe5 19. Qf5 g6 20. Qc2 Bxg2 21. Kxg2 {½-½ (30) Duer,A (2380)-Penz,H (2390) Austria 1998}) 11... cxd4 12. Qxd4 {[%cal Rc4d5] White has an edge.} Nc5 13. cxd5 exd5 14. Nc2 Ne6 15. Qd3 d4 16. Nb5 Ba6 17. b4 Nd7 18. Ncxd4 {[#] Threatens to win with Rxc8.} Rxc1 19. Rxc1 {Nxe6 is the strong threat.} Nxd4 20. Bxd4 ({Not} 20. Qxd4 $2 Bf6 $19) 20... Bxb4 21. Qb1 1/2-1/2

[Event "SPICE Cup Open 2018"]
[Site "St. Louis"]
[Date "2018.10.24"]
[Round "3"]
[White "Lenderman, Aleksandr"]
[Black "Wang, Kevin"]
[Result "1-0"]
[WhiteElo "2626"]
[BlackElo "2447"]
[Annotator "TA"]
[PlyCount "83"]
[EventDate "2018.10.22"]
[EventType "swiss"]
[EventCountry "USA"]
[SourceTitle "playchess.com"]
[Source "ChessBase"]
[SourceQuality "1"]

{[%evp 9,83,24,44,42,53,48,61,67,73,52,70,64,71,72,74,63,64,45,67,44,75,30,39,41,39,39,37,31,31,32,35,25,29,8,8,-24,8,-22,72,64,81,75,47,4,75,35,35,35,22,13,37,43,109,85,125,125,319,125,379,399,373,373,379,355,1084,2006,1455,1406,1261,535,500,491,29982,29983,29983,29984]} 1. Nf3 d5 2. e3 Nf6 3. c4 e6 4. b3 g6 (4... c5 5. cxd5 exd5 6. Bb2 Nc6 7. Bb5 Bd6 8. d4 cxd4 9. Nxd4 O-O 10. O-O Qb6 11. Bd3 Be5 12. Qd2 Nxd4 13. exd4 Bd6 14. Nc3 Bd7 15. Rfe1 Rfe8 {0-1 (62) Mamedyarov,S (2801)-Giri,A (2782) chess.com INT 2018}) 5. Nc3 Bg7 6. Ba3 {A13: English Opening: 1...e6} Nbd7 $146 ({Predecessor:} 6... Ne4 7. Rc1 c5 8. b4 b6 9. cxd5 exd5 10. Bb5+ Bd7 11. Qa4 Nxc3 12. dxc3 {1-0 (24) De Queiroz,G (1815)-De Arruda,F (1923) Brasilia 2012}) 7. Rc1 dxc4 8. Bxc4 {White is slightly better.} a6 9. Be2 b5 10. d4 Bb7 11. O-O Bf8 12. Bxf8 Kxf8 13. b4 Kg7 14. a4 Qe7 15. Qb3 Nd5 16. axb5 Qxb4 17. Qc2 {Hoping for Nxd5.} Rhc8 18. Nxd5 exd5 19. Rb1 Qd6 20. Rfc1 a5 21. Qc3 c6 {White should prevent ...cxb5.} 22. Qa1 a4 23. Ne5 f6 (23... cxb5 $11 24. Bxb5 Rxc1+ 25. Rxc1 Nf6) 24. Nxd7 $16 Qxd7 25. b6 $1 $36 {[%mdl 2048] White is really pushing.} Ba6 26. Rb4 Qb7 (26... Bxe2 $11 {remains equal.} 27. b7 a3) 27. Bxa6 (27. Bg4 {feels hotter.} Rcb8 28. Rxa4 f5 29. Bd1 Bb5 30. Ra7) 27... Rxa6 28. Qa3 Rca8 29. Rcb1 Ra5 30. R4b2 Qd7 (30... R5a6 $14) 31. h4 ({Reject} 31. b7 $6 Rb8 $11) 31... h5 32. Rc2 {Black must now prevent Qc1.} ({Much worse is} 32. b7 $6 Rb8 $11) 32... Rb8 $2 (32... R5a6 $16 {might work better.} 33. Qc5 Kf7) 33. Qc3 $2 (33. Qc1 $1 $18 {is the precise move to win.} Rb7 34. Rxc6) 33... Rb5 $2 {[%mdl 8192]} (33... Ra6 $16) 34. Rxb5 $18 cxb5 {[%mdl 4096] Endgame [#] KQR-KQR} 35. Qa5 $1 Rb7 36. Rc5 Qd6 $2 (36... f5 37. Rxb5 a3 38. Rxd5 Qc6) 37. Rc7+ (37. Qa8 $142 Qxb6 38. Rc8) 37... Rxc7 38. bxc7 Qd7 {[#]} 39. Qc3 (39. e4 $142 $1 {[%mdl 512]} Qc6 (39... dxe4 40. d5) 40. g3 (40. exd5 Qc1+ 41. Kh2 Qf4+ 42. Kg1 Qc1+ 43. Kh2 Qf4+ 44. Kh1 Qc1+ 45. Kh2 $11)) 39... Qc8 40. Qc5 a3 (40... Kf7 $18 41. Qxd5+ Ke7 42. Qc5+ Kd7 43. Qxb5+ Kxc7 44. Qxa4 Kd6) 41. Qe7+ Kh6 42. Qd8 {Precision: White = 52%, Black = 33%.} 1-0

[Event "SPICE Cup Open 2018"]
[Site "St. Louis"]
[Date "2018.10.24"]
[Round "3"]
[White "Prohaszka, Peter"]
[Black "Ostrovskiy, Aleksandr"]
[Result "1-0"]
[WhiteElo "2626"]
[BlackElo "2423"]
[Annotator "TA"]
[PlyCount "103"]
[EventDate "2018.10.22"]
[EventType "swiss"]
[EventCountry "USA"]
[SourceTitle "playchess.com"]
[Source "ChessBase"]
[SourceQuality "1"]

{[%evp 20,103,28,2,20,0,11,-8,-8,8,5,0,13,14,15,15,12,0,23,23,23,29,30,14,16,12,21,17,15,14,16,15,16,12,17,11,16,17,14,10,10,8,8,8,8,8,10,8,8,6,22,8,6,0,5,0,13,4,35,5,54,67,84,74,77,77,112,114,112,93,146,146,154,145,154,147,205,223,318,318,456,461,441,403,493,493]} 1. Nf3 d5 2. e3 Nf6 3. c4 e6 4. b3 c5 5. Bb2 Nc6 6. cxd5 exd5 7. Bb5 Bd6 8. O-O O-O {A13: English Opening: 1...e6} 9. d4 cxd4 10. Nxd4 Bc7 (10... Qb6 11. Bd3 Be5 12. Qd2 Nxd4 13. exd4 Bd6 14. Nc3 Bd7 15. Rfe1 Rfe8 {0-1 (62) Mamedyarov,S (2801)-Giri,A (2782) chess.com INT 2018}) 11. Be2 {LiveBook: 3 Games} Re8 12. Nd2 Nxd4 13. Bxd4 Qd6 {[%csl Gc7][%cal Rd6h2] [#]} 14. g3 $1 Bh3 15. Re1 Rac8 16. Qb1 $146 ({Predecessor:} 16. a3) 16... Bb6 17. Qb2 Bxd4 18. Qxd4 Qc5 19. Qxc5 Rxc5 20. Nf3 Bg4 21. Nd4 Bxe2 22. Rxe2 Rec8 23. f3 h5 24. h3 Kf8 25. Kf2 g6 26. Rd1 Ke7 27. g4 hxg4 28. hxg4 Rc1 29. Ree1 (29. Rdd2 {feels hotter.} Ne8 30. Re1 a6 31. Rxc1 Rxc1 32. Ke2) 29... Rxd1 30. Rxd1 $11 {[%mdl 4096] Endgame KRN-KRN} Nd7 31. Rd2 Rc5 32. Ne2 a5 33. Nf4 Nb6 34. Kg3 Kf8 35. Ne2 Ke7 36. Kf4 Nd7 37. Kg3 Nb6 38. a3 g5 39. Kf2 Nc8 40. b4 axb4 41. axb4 Rc4 42. Rxd5 Rxb4 43. Rxg5 Rb2 44. Re5+ Kf6 (44... Kd7 $142) 45. f4 $16 Nd6 46. Kf3 Nc4 47. g5+ Kg7 {[#]} (47... Kg6 $16 {might work better.}) 48. Re8 $1 $18 Nd6 (48... Rb6 $142 49. Nd4 Rb1) 49. Rd8 Nf5 (49... Nc4 {was called for.} 50. Nd4 Kg6 51. Rg8+ Kh7) 50. Ng3 Nxg3 51. Kxg3 b5 52. Rb8 {Precision: White = 63%, Black = 64%.} 1-0

[Event "SPICE Cup Open 2018"]
[Site "St. Louis"]
[Date "2018.10.24"]
[Round "3"]
[White "Escalante Ramirez, Brian Sebasti"]
[Black "Gledura, Benjamin"]
[Result "0-1"]
[WhiteElo "2442"]
[BlackElo "2621"]
[Annotator "TA"]
[PlyCount "170"]
[EventDate "2018.10.22"]
[EventType "swiss"]
[EventCountry "USA"]
[SourceTitle "playchess.com"]
[Source "ChessBase"]
[SourceQuality "1"]

{[%evp 17,170,24,25,19,16,17,17,17,17,22,33,33,36,36,44,41,39,33,33,30,41,31,32,36,35,27,18,22,16,19,29,23,33,-20,-23,-40,-33,-47,-34,-34,-34,-44,-40,-70,-70,-80,-87,-69,-70,-65,-66,-67,-64,-76,-80,-65,-67,-113,-113,-122,-129,-153,-129,-153,-153,-153,-153,-153,-112,-371,-153,-153,-153,-153,-153,-153,-153,-153,-153,-153,-139,-139,-139,-153,-153,-153,-85,-189,-183,-189,-153,-153,-153,-153,-153,-153,-146,-153,-95,-97,-88,-135,-90,-117,-93,-175,-175,-175,-175,-158,-160,-10153,-10206,-9712,-9704,-9704,-10445,-9956,-9599,-9987,-10511,-10276,-9237,-8604,-7390,-7114,-9739,-1693,-409,-10027,-8482,-29950,-29953,-29957,-9910,-6079,-5792,-29974,-29974,-29974,-29975,-29976,-29977,-29977,-29978,-29978,-29979,-29979,-29980,-29980,-29981,-29981,-29982,-29982,-29983]} 1. e4 e5 2. Nf3 Nc6 3. d4 exd4 4. Nxd4 Nf6 5. Nxc6 bxc6 6. Qe2 {C45: Scotch Game} Bb4+ 7. c3 {[%cal Bc2c3,Bc3c4][%mdl 32]} Be7 8. e5 Nd5 9. c4 Nb6 {[%cal Bd5b6,Bb6d7,Bd7c5][%mdl 32] LiveBook: 10 Games} 10. Qc2 d6 11. exd6 cxd6 ({Wrong is} 11... Bxd6 $2 12. c5 $18) 12. Bd3 Nd7 $146 ({Predecessor:} 12... h6 13. O-O O-O 14. Nc3 d5 15. cxd5 cxd5 {0-1 (47) Andreikin,D (2720)-Onischuk,A (2662) Berlin 2015}) 13. O-O Nc5 14. Be2 {[%cal Bd3e2,Be2f3,Bf3e4][%mdl 32]} O-O 15. Nc3 Bf6 16. Be3 Rb8 17. Rad1 {Threatens to win with Bxc5.} Qc7 18. b3 a5 19. Bf3 Be5 20. Rfe1 Ne6 21. Ne2 a4 22. Nd4 axb3 23. axb3 Bd7 24. Be4 g6 25. Nf3 (25. Nxe6 $14 fxe6 26. Bd4 Bxd4 27. Rxd4) 25... f5 $11 26. Bd3 c5 $1 27. Ng5 Nxg5 28. Bxg5 Bc6 29. f3 Rfe8 30. Be3 Qg7 31. Bf1 {[#]} Bxh2+ $1 {[%mdl 512]} 32. Kxh2 {Hoping for Qd2.} Rxe3 $1 33. Qd2 Rxe1 34. Rxe1 Qc7 35. Qg5 {aiming for Re7.} Re8 ({Avoid the trap} 35... Rxb3 $2 36. Re7 $18) 36. Rxe8+ Bxe8 37. Kg1 Qg7 38. Qd2 Qf6 39. Kf2 Bc6 40. b4 cxb4 41. Qxb4 Qd4+ 42. Ke1 {intending Qb8+.} Kg7 43. Qd2 $2 {[%mdl 8192]} (43. Qb8 $17) 43... Qe5+ (43... Qxd2+ $1 $19 44. Kxd2 h5) 44. Be2 $17 f4 45. Qb4 Be8 46. Qb7+ Bf7 47. Qc7 h5 48. Kf1 Kf6 49. Qd8+ Qe7 50. Qa5 Kg7 51. Qa1+ Kh6 (51... Kh7 $142 52. Bd3 Qe3) 52. Qc1 (52. Bd3 $17) 52... Qe5 $19 53. Qa3 Kg5 54. Qa7 Kf6 55. Qc7 Kg7 56. Qd7 h4 {[%cal Bh5h4,Bh4h3][%mdl 32]} 57. Qc7 Kf6 (57... g5 $142 58. Qb6 Bg6 59. Qb7+ Kh6) 58. Qd8+ $17 Qe7 59. Qb8 Kg5 60. Qb6 Be6 61. Bd3 (61. Qa5+ $17 Kh6 62. Qd2) 61... h3 $1 $19 {[%cal Rh3h2]} 62. Qg1 Qf6 {( -> ...Qa1+)} 63. gxh3+ Kh6 64. Kg2 $2 (64. Qb6 $17) 64... Qg5+ $1 65. Kh2 Qxg1+ 66. Kxg1 Bxh3 {[%mdl 4096] Endgame KB-KB} 67. Kf2 Kg5 68. Ke1 Kf6 69. Kd2 g5 70. Be2 Ke5 71. Kd3 Bc8 72. Kc3 Bb7 (72... Bd7 $142 73. Kd3 Bh3) 73. Bd1 (73. Kd3 $142) 73... Ba6 74. Bc2 Bc8 75. Bd1 {[#]} Bh3 $1 {[%cal Rh3f1]} 76. Be2 Bg2 77. Kd3 {[#]} g4 $1 {[%cal Rg4f3][%mdl 512] Black mates.} 78. fxg4 f3 79. Bd1 f2 80. Be2 f1=Q 81. Bxf1 Bxf1+ 82. Kc3 Bh3 83. g5 Bf5 84. Kb4 Kd4 85. Kb5 Be4 {Precision: White = 50%, Black = 78%.} 0-1

[Event "SPICE Cup Open 2018"]
[Site "St. Louis"]
[Date "2018.10.24"]
[Round "3"]
[White "Wang, Tianqi"]
[Black "Tang, Andrew"]
[Result "1/2-1/2"]
[WhiteElo "2346"]
[BlackElo "2469"]
[Annotator "TA"]
[PlyCount "56"]
[EventDate "2018.10.22"]
[EventType "swiss"]
[EventCountry "USA"]
[SourceTitle "playchess.com"]
[Source "ChessBase"]
[SourceQuality "1"]

{[%evp 20,56,8,0,6,-6,2,-10,0,0,0,0,5,0,0,0,0,-1,0,0,0,0,7,-10,0,0,0,0,0,0,0,-8,0,0,0,-4,15,17,8]} 1. d4 d5 2. c4 e6 3. Nf3 Nf6 4. e3 Be7 5. Be2 O-O 6. O-O b6 7. b3 Bb7 8. Bb2 c5 9. Nbd2 {A30: Symmetrical English: Double Fianchetto and Hedgehog} (9. Nc3 cxd4 10. Nxd4 Nc6 11. cxd5 exd5 12. Nf5 Re8 13. Nxe7+ Rxe7 14. Nb5 Ne4 15. Nd4 Nxd4 16. Qxd4 f6 17. Rac1 Rc8 18. Bd3 {1-0 (39) Liu,Y (2479)-Liu,G (2462) Shenzhen 2017}) 9... Nbd7 10. Rc1 Rc8 11. Rc2 {LiveBook: 4 Games. The position is equal.} dxc4 12. Bxc4 a6 $146 ({Predecessor:} 12... Nd5 13. Qc1 {0-1 (30) Fahrenholz,N-Pramann,A (2085) Germany 1995}) 13. Qb1 b5 14. Be2 cxd4 15. Rxc8 Qxc8 16. Rc1 Qa8 {aiming for ...dxe3.} 17. Bxd4 Ba3 18. Bb2 Bb4 19. Bf1 Rd8 20. a3 Be7 21. b4 h6 22. h3 Nd5 {[%cal Bf6d5,Bd5b6,Bb6d7][%mdl 32]} 23. Bd4 N5b6 24. Ba1 Bd5 25. Ne5 Nxe5 26. Bxe5 {Strongly threatening Bc7.} Nd7 27. Bd4 Rc8 28. Rxc8+ Qxc8 {Precision: White = 49%, Black = 40%.} 1/2-1/2

[Event "SPICE Cup Open 2018"]
[Site "St. Louis"]
[Date "2018.10.25"]
[Round "4"]
[White "Bruzon Batista, Lazaro"]
[Black "Prohaszka, Peter"]
[Result "1/2-1/2"]
[WhiteElo "2653"]
[BlackElo "2626"]
[Annotator "TA"]
[PlyCount "50"]
[EventDate "2018.10.22"]
[EventType "swiss"]
[EventCountry "USA"]
[SourceTitle "playchess.com"]
[Source "ChessBase"]
[SourceQuality "1"]

{[%evp 18,50,0,0,0,6,20,12,26,15,14,18,34,0,0,0,0,-10,8,-19,-8,-33,0,-61,-57,-57,-57,-60,-59,-45,0,0,9,6,20]} 1. e4 e5 2. Nf3 Nc6 3. Bb5 Nf6 4. d3 Bc5 5. c3 d5 6. Nbd2 {C65: Ruy Lopez: Berlin Defence (3...Nf6), unusual lines and 4 0-0 Bc5} O-O 7. O-O dxe4 8. dxe4 a5 9. a4 Qe7 10. Qe2 {LiveBook: 5 Games} Nb8 11. Bd3 Bg4 $146 ({Predecessor:} 11... Rd8 12. Nc4 Nbd7 13. Bg5 h6 14. Bh4 b6 15. Ne3 Bxe3 16. Qxe3 Ba6 17. Bxa6 Rxa6 {½-½ (34) Ivanchuk,V (2726)-Grischuk,A (2772) Huaian 2017}) 12. Nc4 Nbd7 13. h3 Bh5 14. Re1 Rfd8 15. Bc2 Ne8 16. Ne3 f6 17. g3 c6 18. Bd2 Nd6 19. Rad1 Ba7 20. Kg2 (20. Nf5 $11 Nxf5 21. exf5) 20... Nc5 $15 21. Nc4 Nxc4 22. Qxc4+ Bf7 23. Qe2 Bh5 24. Be3 {[#] Threatens to win with Rxd8+.} Nd7 25. Bxa7 Rxa7 {Precision: White = 59%, Black = 52%.} 1/2-1/2